| 000 | 00000nam##2200000za#4500 |
| 001 | 9.681642 |
| 003 | CaOODSP |
| 005 | 20200330071510 |
| 007 | ta |
| 008 | 150407|2001||||xxc||||| f|0| 0 fre|d |
| 020 | |a0-662-86293-7 |
| 040 | |aCaOODSP|bfre |
| 043 | |an-cn--- |
| 086 | 1 |aEn21-208/2001F |
| 110 | 1 |aCanada. |bEnvironnement Canada. |
| 245 | 10|aMise en oeuvre du Programme d'action pour la protection du milieu marin contre la pollution due aux activités terrestres : |brapport national destiné à la réunion d'examen intergouvernementale de 2001 du Programme d'action mondial / |cpréparé par le Comité consultatif fédéral-provincial-territorial du Programme d'action national du Canada pour la protection du milieu marin contre la pollution due aux activités terrestres. |
| 260 | |aOttawa - Ontario : |bEnvironnement Canada |c2001. |
| 300 | |aviii, 22p. : |bcarte, références, tableaux ; |c28 cm. |
| 500 | |aDonnées de catalogage avant publication (Canada) imprimées dans cette publication. Comprend Annexe: aperçu de certaines initiatives (45p.). |
| 563 | |aReliure à spirale |
| 590 | |a01-48|b2001-11-30 |
| 691 | 07|aProgramme fédéral|2gcpds |
| 691 | 07|aÉcosystème aquatique|2gcpds |
| 691 | 07|aPollution de l'eau|2gcpds |
| 691 | 07|aÉvaluation environnementale|2gcpds |
| 775 | 08|tImplementing Canada's National Programme of Action for the Protection of the Marine Environment from Land-based Activities : |w(CaOODSP)9.648344 |
| 776 | 0#|tMise en oeuvre du Programme d'action national du Canada pour la protection du milieu marin contre la pollution due aux activités terrestres : |w(CaOODSP)9.640301 |